1178 1284 1963 1114 1941 1560 1510 1135 1554 1056 1720 1145 1735 1828 1397 1283 1984 1425 1133 1194 1587 1353 1299 1277 1849 1920 1357 1052 1587 1273 1032 1559 1124 1962 1523 1332 1910 1205 1173 1062 1816 1591 1048 1264 1523 1619 1095 1570 1162 1478 1689 1795 1495 1808 1483 1690 1853 1471 1924 1536 1274 1000 1333 1589 1103 1180 1877 1390 1976 1040 1067 1757 1011 1821 1965 1380 1512 1608 1953 1341 1262 1848 1496 1511 1435 1930 1282 1423 1915 1228 1601 1117 1990 1960 1921 1998 1821 1323 1082 BCNSPRNW ULIB Ver.6.0+V

เปลี่ยนเป็นภาษาไทย

Change to English
 แสดงรายละเอียดบรรณานุกรม
  กลับหน้าหลัก

Brief Record : Get Marc (ISO 2709) : E-mail record : QR code < ปิดหน้าต่าง
LEADER : 00000nam 2200000uu 4500
001    13399123715
003     ULIB
008    141119s2555||||th 000 0 tha d
020    ^a9786167707082
060 04 ^aWV220^bร921
110 1  ^aมหาวิทยาลัยสงขลานครินทร์. ^bคณะแพทยศาสตร์. ^bหน่วยผลิตตำรา
245 00 ^aโรคของหูชั้นนอก =^bExternal ear /^cวันดี ไข่มุกด์, บรรณาธิการ
246 31 ^aExternal ear.
250    ^aพิมพ์ครั้งที่ 1
260    ^aสงขลา :^bหน่วยผลิตตำราคณะแพทยศาสตร์ มหาวิทยาลัยสงขลานครินทร์,^c2555.
300    ^a230 หน้า :^bภาพประกอบ
650  4 ^aหูชั้นนอก,โรค^xการรักษา ;^c27 ซม.
650  4 ^aหูชั้นนอก,โรค^xการวินิจฉัย
650  4 ^aหูชั้นนอก
700 0  ^aวันดี ไข่มุกด์,^eบรรณาธิการ
945    ^p550^l0^i21723
945    ^p550^l0^i21724
945    ^p550^l0^i21725
999    ^aทศพร เกษรทอง
รายการนี้ยังไม่มีแท็ก
คุณยังไม่ได้ล็อกอิน คุณสามารถมีกิจกรรมร่วมกับเว็บไซต์ได้ แต่ต้องล็อกอินก่อน ::
  ล็อกอิน

รายการสื่อสารสนเทศ

ลำดับที่ ประเภท เลขเรียก/บาร์โค้ด สถานที่ สถานะ
1. วิทยาศาสตร์การแพทย์ และสุขภาพ
หนังสือสำรอง
สถานะ=หนังสือสำรอง
WV220 ร921 ฉ.1 
  Barcode: 21723
ห้องสมุดวิทยาเขตนครสวรรค์
►ส่วนจัดเก็บหนังสือเก่า นว.
บนชั้น
  ขอยืม
2. วิทยาศาสตร์การแพทย์ และสุขภาพ
วิทยาศาสตร์การแพทย์ และสุขภาพ
WV220 ร921 ฉ.2 
  Barcode: 21724
ห้องสมุดวิทยาเขตนครสวรรค์
►ส่วนจัดเก็บหนังสือเก่า นว.
บนชั้น
  ขอยืม
3. วิทยาศาสตร์การแพทย์ และสุขภาพ
วิทยาศาสตร์การแพทย์ และสุขภาพ
WV220 ร921 ฉ.3 
  Barcode: 21725
ห้องสมุดวิทยาเขตนครสวรรค์
►ส่วนจัดเก็บหนังสือเก่า นว.
บนชั้น
  ขอยืม

รายการใกล้เคียง
    หัวเรื่อง [หูชั้นนอก]

BibComment


ยังไม่เคยถูกคอมเมนท์

คอมเมนท์ทรัพยากรรายการนี้
  คอมเมนท์: โรคของหูชั้นนอก ..


 Copyright 2026. Bcnsprnw @Library